000 01021cam a2200289 4500
008 090401t1997 xxu||||| |||| 00| 0 eng d
020 _a0419210105
035 _a(Sirsi) u5811
041 _aeng
050 _a333.337
100 _aRubin, Vicky
245 4 _aThe business occupier`s handbook : a practical guide to acquiring, occupying and disposing of business premises.
260 _aLondon
_bE & FN Spon
_c1997
300 _axii,282p. ; 24cm.
350 _a45
520 _aA practical handbook for tenants and owner-occupiers of commercial property, providing a step-by-step guide to occupation with background information, worked examples and checklists.
650 _aBUSINESS OCCUPIERS HANDBOOK
650 _aBUSINESS TENANCIES
650 _aCOMMERCIAL LEASES
650 _aPROPERTY-COMMERCIAL PROPERTY
650 _aOCCUPANCY COSTS
650 _aProperty management
_96262
690 _aPROPERTY-COMMERCIAL PROPERTY
710 _aClifford Chance
_92015
942 _n0
948 _c04/03/1997
999 _c86215
_d86215